Age determination of young rocks and artifacts : physical and chemical clocks in Quaternary geology and archaeology

Αποθηκεύτηκε σε:
Λεπτομέρειες βιβλιογραφικής εγγραφής
Κύριος συγγραφέας: Wagner, Gunther A.
Μορφή: Βιβλίο
Γλώσσα:English
German
Δημοσίευση: [Berlin] ; [Heidelberg] ; [New York] : Springer, [1998]
Σειρά:Natural science in archaeology
Θέματα:
Ετικέτες: Προσθήκη ετικέτας
Δεν υπάρχουν, Καταχωρήστε ετικέτα πρώτοι!

MARC

LEADER 00000cam a2200000 i 4500
001 1/70214
008 080114s1998 gw | ||| |||| ||eng||
020 |a 3540634363   |q (σκληρό εξώφυλλο)  
035 |l 10093621 
040 |a GR-MyUa   |b gre   |e AACR2  
041 1 |a eng  |h ger 
082 7 |a 930.10285   |2 (22)  
100 1 |a Wagner, Gunther A. 
245 1 0 |a Age determination of young rocks and artifacts :   |b physical and chemical clocks in Quaternary geology and archaeology /   |c Gunther A. Wagner.  
260 |a [Berlin] ;   |a [Heidelberg] ;   |a [New York] :   |b Springer,   |c [1998] 
300 |a xvii, 466 σ. :   |b εικ. ;   |c 25 εκ.  
490 1 |a (Natural science in archaeology)  
500 |a "With 177 figures".  
500 |a Τίτλος πρωτοτύπου: Altersbestimmung von jungen Gesteinen und Artefakten.  
504 |a Βιβλιογραφία: σ. [413]-453 και ευρετήριο.  
650 0 |a Archaeological dating. 
650 0 |a Geology, Stratigraphic  |y Quaternary. 
830 0 |a Natural science in archaeology 
852 |a INST  |b RHODES  |e 20080114  |h 930.10285 WAG  |p 005400030365  |q 005400030365  |t BK  |y 0 
901 |a BIBL4-2008-1 
922 |a 4ΕΛΗ  |b 200712  |c ΕΠΕΑΕΚ2/ΤΜΣ  |d ΕΛΕΥΘΕΡΟΥΔΑΚΗΣ 
970 |a Χαριοπολίτου  |b Κωνσταντίνα   |z 2008/01/14